<?xml version="1.0" encoding="UTF-8"?>
<record
    xmlns:xsi="http://www.w3.org/2001/XMLSchema-instance"
    xsi:schemaLocation="http://www.loc.gov/MARC21/slim http://www.loc.gov/standards/marcxml/schema/MARC21slim.xsd"
    xmlns="http://www.loc.gov/MARC21/slim">

  <leader>00205nam a22000857a 4500</leader>
  <datafield tag="999" ind1=" " ind2=" ">
    <subfield code="c">10593</subfield>
    <subfield code="d">10593</subfield>
  </datafield>
  <controlfield tag="008">190221b           ||||| |||| 00| 0 eng d</controlfield>
  <datafield tag="020" ind1=" " ind2=" ">
    <subfield code="a">9780544022744</subfield>
  </datafield>
  <datafield tag="100" ind1=" " ind2=" ">
    <subfield code="a">Davies, Jacqueline</subfield>
  </datafield>
  <datafield tag="245" ind1=" " ind2=" ">
    <subfield code="a">The Bell Bandit</subfield>
  </datafield>
  <datafield tag="952" ind1=" " ind2=" ">
    <subfield code="0">0</subfield>
    <subfield code="1">0</subfield>
    <subfield code="2">ddc</subfield>
    <subfield code="4">0</subfield>
    <subfield code="6">F_DAV</subfield>
    <subfield code="7">0</subfield>
    <subfield code="8">FIC</subfield>
    <subfield code="9">12816</subfield>
    <subfield code="a">AY</subfield>
    <subfield code="b">AY</subfield>
    <subfield code="c">GEN</subfield>
    <subfield code="d">2019-02-21</subfield>
    <subfield code="e">Donation</subfield>
    <subfield code="g">5.99</subfield>
    <subfield code="l">3</subfield>
    <subfield code="m">1</subfield>
    <subfield code="o">F DAV</subfield>
    <subfield code="p">406387</subfield>
    <subfield code="r">2024-06-05 00:00:00</subfield>
    <subfield code="s">2024-05-08</subfield>
    <subfield code="v">5.99</subfield>
    <subfield code="w">2019-02-21</subfield>
    <subfield code="y">PB</subfield>
    <subfield code="z">The Lemonade War Series</subfield>
  </datafield>
</record>
